Embedded Software and System. (Record no. 8140)

MARC details
000 -LEADER
fixed length control field 00482nam a22001937a 4500
003 - CONTROL NUMBER IDENTIFIER
control field OSt
005 - DATE AND TIME OF LATEST TRANSACTION
control field 20230419164557.0
008 - FIXED-LENGTH DATA ELEMENTS--GENERAL INFORMATION
fixed length control field 230419b ||||| |||| 00| 0 eng d
020 ## - INTERNATIONAL STANDARD BOOK NUMBER
International Standard Book Number 3540281282
040 ## - CATALOGING SOURCE
Original cataloging agency MUST
Transcribing agency MUST
082 ## - DEWEY DECIMAL CLASSIFICATION NUMBER
Classification number 11/33812
100 ## - MAIN ENTRY--PERSONAL NAME
Personal name Zhaohui Wu
9 (RLIN) 16628
245 ## - TITLE STATEMENT
Title Embedded Software and System.
260 ## - PUBLICATION, DISTRIBUTION, ETC. (IMPRINT)
Place of publication, distribution, etc. Berlin.
Name of publisher, distributor, etc. Springer
Date of publication, distribution, etc. 2005
300 ## - PHYSICAL DESCRIPTION
Other physical details xix,610p.ill.
Dimensions 24cm.
504 ## - BIBLIOGRAPHY, ETC. NOTE
Bibliography, etc Index.
650 ## - SUBJECT ADDED ENTRY--TOPICAL TERM
Source of heading or term Embedded Software and System.
942 ## - ADDED ENTRY ELEMENTS (KOHA)
Source of classification or shelving scheme Dewey Decimal Classification
Koha item type Book
Holdings
Withdrawn status Lost status Source of classification or shelving scheme Damaged status Not for loan Home library Current library Date acquired Source of acquisition Total Checkouts Full call number Barcode Date last seen Copy number Price effective from Koha item type
    Other/Generic Classification Scheme     MUST Main Library MUST Main Library 19/04/2023     11/33812   19/04/2023   19/04/2023 Book
    Other/Generic Classification Scheme     Main Kihumuro Campus Main Kihumuro Campus 19/04/2023 Purchase   11/33812 2023-0468 19/04/2023 2023-0468 19/04/2023 Book